Corporate social responsibility and good governance/ (Record no. 363790)
[ view plain ]
| 000 -LEADER | |
|---|---|
| fixed length control field | 00588nam a2200145Ia 4500 |
| 008 - FIXED-LENGTH DATA ELEMENTS--GENERAL INFORMATION | |
| fixed length control field | 200626s9999 xx 000 0 und d |
| 020 ## - INTERNATIONAL STANDARD BOOK NUMBER | |
| International Standard Book Number | 978-971-0552-06-1 |
| 100 ## - MAIN ENTRY--PERSONAL NAME | |
| Personal name | Salvador, Samuel Mejia |
| 245 ## - TITLE STATEMENT | |
| Statement of responsibility, etc | Samuel Mejia Salvador, Gloria J. Tolentino-Baysa, Ellinor C. Fua-Geronimo.-- |
| Title | Corporate social responsibility and good governance/ |
| 260 ## - PUBLICATION, DISTRIBUTION, ETC. (IMPRINT) | |
| Place of publication, distribution, etc | Bulacan: |
| Name of publisher, distributor, etc | Allen Adrian Books Inc. |
| Date of publication, distribution, etc | 2010 |
| 300 ## - PHYSICAL DESCRIPTION | |
| Extent | xviii, 426 pages |
| 500 ## - GENERAL NOTE | |
| General note | Includes Appendix, and Bibliography |
| 650 ## - SUBJECT ADDED ENTRY--TOPICAL TERM | |
| Topical term or geographic name as entry element | Corporate governance -- Law and legislation -- Social aspects. |
| 650 ## - SUBJECT ADDED ENTRY--TOPICAL TERM | |
| Topical term or geographic name as entry element | Corporate governance. |
| Withdrawn status | Lost status | Damaged status | Home library | Current library | Shelving location | Date acquired | Total Checkouts | Full call number | Barcode | Date last seen | Price effective from | Koha item type |
|---|---|---|---|---|---|---|---|---|---|---|---|---|
| Southville International School Affiliated with Foreign Universities Library | Southville International School Affiliated with Foreign Universities Library | Southville Foreign University Section | 06/26/2020 | HD 60 .S25 2010 | SFU2646 | 06/26/2020 | 06/26/2020 | Books |